Влияние толщины лопаток и чистоты поверхности каналов рабочих колес на характеристики предохранительных гидромуфт; Технический прогресс в машиностроении

Detaylı Bibliyografya
Parent link:Технический прогресс в машиностроении.— 1971.— С. 180-184
Yazar: Мурин А. В.
Dil:Rusça
Baskı/Yayın Bilgisi: 1971
Konular:
Materyal Türü: Kitap Bölümü
KOHA link:https://koha.lib.tpu.ru/cgi-bin/koha/opac-detail.pl?biblionumber=593947

MARC

LEADER 00000naa0a2200000 4500
001 593947
005 20250611110707.0
035 |a (RuTPU)RU\TPU\tpu\7953 
090 |a 593947 
100 |a 20020118d1971 k||y0rusy50 ca 
101 0 |a rus 
102 |a RU 
200 1 |a Влияние толщины лопаток и чистоты поверхности каналов рабочих колес на характеристики предохранительных гидромуфт  |f А. В. Мурин 
320 |a Библиогр.: 9 назв. 
463 |t Технический прогресс в машиностроении  |o доклады III научно-технической конференции  |v С. 180-184  |d  1971 
610 1 |a лопатки 
610 1 |a поверхность каналов 
610 1 |a рабочие колеса 
610 1 |a гидромуфты 
610 1 |a труды учёных ТПУ 
700 1 |a Мурин  |b А. В. 
801 0 |a RU  |b 63413507  |c 20020118  |g PSBO 
801 2 |a RU  |b 63413507  |c 20090910  |g RCR 
850 |a 63413507 
942 |c BK